El debido proceso penal /

Guardado en:
Otros Autores: Bertolino, Pedro J.
Formato: Libro
Idioma:Spanish
Publicado: La Plata : Platense, 2011.
Edición:2a. ed.
Materias:
Etiquetas: Agregar Etiqueta
Sin Etiquetas, Sea el primero en etiquetar este registro!
LEADER 00453nam a22001575a 4500
001 DER.der011245
008 180615s2011####ag#||||||||||||||#||spa||
005 20250627125820.0
245 1 0 |a El debido proceso penal /  |c Pedro J. Bertolino. 
250 |a 2a. ed. 
260 |a La Plata :  |b Platense,  |c 2011. 
300 |a 177 p. 
020 |a 9789505362301 
700 1 |a Bertolino, Pedro J. 
650 7 |a DERECHO PROCESAL PENAL 
859 |a DERECHO  |b BIB. DERECHO  |h 345.05  |i BER  |p 006631